00657 2200217 4500001002100000005001700021008004100038020002200079035002400101040001200125082001200137090002300149100003100172245012300203260002700326300003000353504001200383650001000395850001200405990002200417YOGYA-1211000000017420111228174746.0 ind  a978-979-29-1746-8 0010-121100000000174 aYOPDYOG a629.892 aDEP 629.892bTau B aTaufiq Dwi Septian Suyadhi aBuku pintar robotika bagaimana merancang dan membuat robot sendiri /cTaufiq Dwi Septian Suyadhi ; editor Nikodemus WK aYogyakartabAndic2010 aXXXIV, 573hlmbilusc23cm ahlm 573 aRobot aYOPDYOG aeb.d.11-2010-2169